| 000 | 00439nam a2200193Ia 4500 | ||
|---|---|---|---|
| 008 | 200601s9999 xx 000 0 und d | ||
| 020 | _a978-0-307-74366-4 | ||
| 050 | _aFIC K58c | ||
| 050 | _b2011 | ||
| 100 | _aKing, Stephen | ||
| 245 | 0 | _aCarrie / | |
| 245 | 0 | _cStephen King. | |
| 260 | _aNew York : | ||
| 260 | _bAnchor Books. | ||
| 260 | _c2011 | ||
| 300 | _a289 pages : | ||
| 300 | _c18 cm. | ||
| 650 | _aHorror -- Fiction. | ||
| 999 |
_c363435 _d363435 |
||